| 000 | 00583 a2200253 4500 | ||
|---|---|---|---|
| 003 | DLC | ||
| 005 | 20260330102045.0 | ||
| 008 | 2025s2025 xx 000 0 eng d | ||
| 020 | _a9780443116995 | ||
| 040 |
_aDLC _beng |
||
| 050 | 4 | _aRB25 .U53 2025 | |
| 082 | 0 | 4 | _a616.07 |
| 100 | 1 |
_aCross, Simon S. _eeditor |
|
| 245 | 1 | 0 |
_aUnderwood's pathology _cCross, Simon S.. |
| 250 | _a8th ed. | ||
| 264 | 1 |
_bElsevier _c2025 |
|
| 300 | _axvii, 813p. ill. | ||
| 336 | _2CC | ||
| 338 | _2CC | ||
| 650 | 0 | _aPathology | |
| 650 | 0 | _aDiagnosis | |
| 650 | 0 | _aMedicine | |
| 942 |
_2lcc _cBK |
||
| 999 |
_c44200 _d44200 |
||